01426nam a2200205Ia 4500001001300000003001000013005001700023008004100040040002500081041000700106100003100113245003400144260003300178300001200211500008100223520056300304650002900867654001100896700031300907b5726-38778 IT-MiCISF20250326141206.0161014s9999||||xx |||||||||||||| ||und|| aIT-MiCISFcIT-MiCISF ait aNicolli Sergio (a cura di) 0aLa casa cantiere di santità a Roma,bCittà Nuova,c2004 app. 407 a pastorale-familiare, chiesa-domestica, abitazione, spiritualità-familiare aLa vita cristiana si snoda tra i due poli complementari della chiesa e della casa: la prima è la casa della parrocchia, la seconda è la chiesa della famiglia. E' tra questi due luoghi che si svolge la vita di fede nella sua pienezza di culto, di esperienza, di testimonianza, di condivisione e di incontro fraterno con il Signore. Dalla settima Settimana di studio sulla spiritualità coniugale e familiare una nutrita serie di riflessioni e approfondimenti su un argomento di grande interesse e attualità, condotta da esperti di teologia e pastorale. aPastorale-familiaree012 asaggio aLanfranconi D., Nicolli S., Castellano Cervera J., Bartolini E., Vivaldelli G., aBrambilla F.G., Mazzanti G., Pilloni F., Melina L., Gillini G., Zattoni M.T., aBonetti R., Conori G.A., Crociani L., Di Nicola G.P., Danese A., Decarli A.,a Martirani G., Palazzini C., Reggiani M., Bonaretti M., Gresleri G.